LEADER 02659nam0 22005293i 450 001 RAV0170464 005 20251003044326.0 020 $aIT$b60-8662 100 $a19911213d1960 ||||0itac50 ba 101 | $aita 102 $ait 181 1$6z01$ai $bxxxe 182 1$6z01$an 183 1$6z01$anc$2RDAcarrier 200 1 $aˆI ‰grandi problemi$fJohn Kenneth Galbraith 210 $aMilano$cEdizioni di Comunità$d1960 215 $a182 p.$d21 cm 225 | $aSaggi di cultura contemporanea$v1 300 $aTraduzione di Cesare Mannucci 410 0$1001CFI0002362$12001 $aSaggi di cultura contemporanea$v1 500 10$aˆThe ‰liberal hour. -$3RAV0170488$9CFIV028754$928304 606 $aStati Uniti d'America$xCondizioni economiche e sociali$2FIR$3SBLC129295$9I 676 $a330$9ECONOMIA$v21 676 $a330.1$9ECONOMIA. SISTEMI, SCUOLE, TEORIE$v21 676 $a330.9$9SITUAZIONI E CONDIZIONI ECONOMICHE$v12 676 $a330.904$9Situazioni e condizioni economiche. 20. Sec.$v20 676 $a330.973$9SITUAZIONI E CONDIZIONI ECONOMICHE. STATI UNITI$v21 676 $a330.973$9Economia. Situazioni e condizioni economiche. Stati Uniti$v22 676 $a330.973$9SITUAZIONI E CONDIZIONI ECONOMICHE. Stati Uniti d'America$v23 676 $a330.97309$9SITUAZIONI E CONDIZIONI ECONOMICHE. STATI UNITI. 1901-$v23 686 $aUS/342.0$cPOLITICA E CULTURA STATI UNITI D'AMERICA 1945-1968$2R 686 $aUS/343.0$cECONOMIA E SOCIETA STATI UNITI D'AMERICA 1945-1968$2R 686 $aX09.0$cSCIENZE ECONOMICO-SOCIALI$2R 700 1$aGalbraith$b, John Kenneth$3CFIV028754$4070$033228 790 1$aGalbraith$b, J. K.$3UTOV566536$zGalbraith, John Kenneth 801 3$aIT$bIT-000000$c19911213 850 $aIT-BN0095 $aIT-AV0007 $aIT-NA0079 $aIT-NA0230 901 $bNAP AV$cSULLO $n$ 901 $bNAP AV$cSEZ. M $nSezione Moderna 901 $bNAP 01$cPOZZO LIB.$nVi sono collocati fondi di economia, periodici di ingegneria e scienze, periodici di economia e statistica e altri fondi comprendenti documenti di economia pervenuti in dono. 901 $bNAP BN$cS.AMER. $nAcquisti sezione americana 901 $bNAP 01$cDEMARCO $n$ 912 $aRAV0170464 950 0$aBiblioteca Centralizzata di Ateneo$c1 v.$d 01POZZO LIB.ECON MON 4313$e 0101 0000121505E VMA 1 v.$fB $h20210318$i20210318$c1 v.$d 01DEMARCO MON. 610$e 01 0000103175 VMA 1 v.$fA $h20230510$i20241018 977 $a 01$a AV$a BN$a IR 996 $aLiberal hour$928304 997 $aUNISANNIO